000 00332nam a2200145Ia 4500
008 200103s9999||||xx |||||||||||||| ||und||
020 _a0671688138,
040 _aIMU-MPC
082 _aColumn-63
100 _aBuck, Pearl S.
245 4 _aThe good earth
260 _bPocket Books, New York
_c1939
300 _a260
942 _cBK
999 _c11255
_d11255